00335nam a2200121 a 45000010005000000030005000050050017000100080041000270400020000681000031000882450074001192600020001931603CDMR20130116135212.0130130s1975||||||||||||||||||||||||||||d aCDMRbcatcCDMR1 aMoran Duran, Angel Antonio10aIdeología des diario barcelones El VaporcAngel Antonio Moran Duran aBarcelonac1975